000 00769nam a2200241Ia 4500
003 OSt
005 20220923230404.0
006 a|||||r|||| 00| 0
007 ta
008 Pun
024 _a280,127
037 _cTextual
040 _aARTS
_cARTS
_bPun
041 _2Pun
_aPun
082 _aO153,2N11w1, M7
100 _aਗੁਰਦਿਆਲ ਸਿੰਘ ਫੁੱਲ
245 0 _aਮੇਰੀ ਸਾਹਿੱਤਿਕ ਸਵੈ ਜੀਵਨੀ
260 _aਪਟਿਆਲਾ
_b ਪੰਜਾਬੀ ਯੂਨੀਵਰਸਿਟੀ
_c1987
300 _a146ਪੰ
_ccm.
650 _aਭੱਜ਼ਾਂਸ਼. ਸਾਂFੲਛ
942 _hO153,2N11w1, M7
_cTEXL
_2CC
999 _c384463
_d384463